000 00902nam a2200265Ia 4500
003 OSt
005 20220923211325.0
006 a|||||r|||| 00| 0
007 ta
008 220922b |||||||| |||| 00| 0 hin d
020 _a9788181439925 (hbk)
_c100
024 _a242,821
037 _b488, 03/03/2010, Vani Prakashan
_cTextual
040 _aARTS
_cARTS
_bhin
041 _2hin
_ahin
082 _aO152,2N46,NP, L7
100 _aसुशील कुमार सिंह
_9156274
245 0 _aनागपाश
246 _aNāgapāsha
260 _aनयी दिल्ली
_b वाणी प्रकाशन
_c1977
300 _a63पृ.
_ccm.
650 _aहिन्दी साहित्य
_9156264
942 _hO152,2N46,NP, L7
_cTEXL
_2CC
999 _c298514
_d298514